RASSEGNA DI TEOLOGIA. GENNAIO FEBBRAIO 1998. RIVISTA DI TEOLOGIA E SCIENZE UMANE. (Record n. 333099)
[ formato base ]
| 000 -LEADER | |
|---|---|
| fixed length control field | 01616nas a2200277Ia 4500 |
| 001 - CONTROL NUMBER | |
| control field | R052-S4850 |
| 003 - CONTROL NUMBER IDENTIFIER | |
| control field | IT-CnALBA |
| 008 - FIXED-LENGTH DATA ELEMENTS--GENERAL INFORMATION | |
| fixed length control field | 170116c99999999xx |||||||||||| ||und|| |
| 040 ## - CATALOGING SOURCE | |
| Original cataloging agency | IT-CnALBA |
| Transcribing agency | IT-CnALBA |
| 041 ## - LANGUAGE CODE | |
| Language code of text/sound track or separate title | ITALIANO |
| 999 ## - SYSTEM CONTROL NUMBERS (KOHA) | |
| Koha Dewey Subclass [OBSOLETE] | NO |
| 100 ## - MAIN ENTRY--PERSONAL NAME | |
| Personal name | MEJIA JORGE, MONSIGNORE |
| 210 ## - ABBREVIATED TITLE | |
| Abbreviated title | RASSEGNA DI TEOLOGIA |
| 222 ## - KEY TITLE | |
| Key title | RASSEGNA DI TEOLOGIA |
| 245 #0 - TITLE STATEMENT | |
| Title | RASSEGNA DI TEOLOGIA. GENNAIO FEBBRAIO 1998. RIVISTA DI TEOLOGIA E SCIENZE UMANE. |
| 250 ## - EDITION STATEMENT | |
| Edition statement | 1a ed. |
| 260 ## - PUBLICATION, DISTRIBUTION, ETC. (IMPRINT) | |
| Place of publication, distribution, etc. | MILANO - TORINO |
| Name of publisher, distributor, etc. | SAN PAOLO ED. |
| Date of publication, distribution, etc. | 1998 [1° Ed.:1998 - Ed.Ling.Originale: 1998] |
| 300 ## - PHYSICAL DESCRIPTION | |
| Extent | 160 p. |
| 310 ## - CURRENT PUBLICATION FREQUENCY | |
| Current publication frequency | BIMESTRALE |
| 362 ## - DATES OF PUBLICATION AND/OR SEQUENTIAL DESIGNATION | |
| Dates of publication and/or sequential designation | Fascicolo: 1 / Anno: 39 (1998) |
| 500 ## - GENERAL NOTE | |
| General note | LA DOTTRINA SOCIALE DELLA CHIESA. ALL'ORIGINE DELLO SPIRITO SANTO. ZUCCARO C. LA VITA UMANA È INDISPONIBILE? JANNONE F. WALTER KASPER, REDENZIONE E STORIA. SCOLA A. IL CORAGGIO DELLA SCELTA. BERTACCHINI R. LE LISTE DEI NOMI NEL NUOVO TESTAMENTO, QUALE VALORE ECCLESIOLOGICO? FORUM ATI. PARENTE U. LA FORMAZIONE DELLA COSCIENZA CONCILIARE AL VATICANO II. RECENSIONI. |
| 501 ## - WITH NOTE | |
| With note | Società San Paolo EM - Piazza San Paolo, 14 - 12051 ALBA (CN) (non commercial uses only) ® Copyright 2017 |
| 520 ## - SUMMARY, ETC. | |
| Summary, etc. | LA DOTTRINA SOCIALE DELLA CHIESA. ALL'ORIGINE DELLO SPIRITO SANTO. ZUCCARO C. LA VITA UMANA È INDISPONIBILE? JANNONE F. WALTER KASPER, REDENZIONE E STORIA. SCOLA A. IL CORAGGIO DELLA SCELTA. BERTACCHINI R. LE LISTE DEI NOMI NEL NUOVO TESTAMENTO, QUALE VALORE ECCLESIOLOGICO? FORUM ATI. PARENTE U. LA FORMAZIONE DELLA COSCIENZA CONCILIARE AL VATICANO II. RECENSIONI. |
| 650 ## - SUBJECT ADDED ENTRY--TOPICAL TERM | |
| Topical term or geographic name as entry element | TEOLOGIA - SCIENZE UMANE |
| 942 ## - ADDED ENTRY ELEMENTS (KOHA) | |
| Koha item type | RIVISTA |
| 957 ## - | |
| -- | 1 |
| 999 ## - SYSTEM CONTROL NUMBERS (KOHA) | |
| -- | 1 |
| Withdrawn status | Lost status | Damaged status | Not for loan | Home library | Current library | Date acquired | Total Checkouts | Full call number | Date last seen | Price effective from | Koha item type | Public note |
|---|---|---|---|---|---|---|---|---|---|---|---|---|
| Buone Condizioni | Not For Loan | ALBA - Biblioteca | ALBA - Biblioteca | 16/01/2017 | R052-S4850 | 16/01/2017 | 16/01/2017 | RIVISTA | (data import: 16 gennaio 2017) - By Epidotti, Vaglietti. |